[Event "Challenge"]
[Site "http://www.queenalice.com/game.php?id=98629"]
[Date "2006.8.23"]
[Round "-"]
[White "guerreiro_de_Deus"]
[Black "clara_ca"]
[Result "1-0"]
[WhiteElo "1209"]
[BlackElo "1171"]

1. e4 d5 2. c3 dxe4 3. Qa4+ Bd7 4. Qxe4 f5 5. Qxb7 Bc6 6. Bb5 a6 7. Bxc6+ Nd7 8.
Bxd7+ Kxd7 9. Qd5+ Ke8 10. Qxf5 Nf6 11. Nf3 g6 12. Qf4 Qd5 13. O-O Qd3 14. Qxc7
Qc2 15. Qc6+ Kf7 16. Qxa8 Qd3 17. Ne5+ Ke6 18. Nxd3 Kf7 19. Re1 Nh5 20. Qd5+ Kg7
21. Ne5 Nf4 22. Qf7+ Kh6 23. d3 Bg7 24. Bxf4+ g5 25. Ng4# 1-0

[Event "Challenge"]
[Site "http://www.queenalice.com/game.php?id=98631"]
[Date "2006.8.23"]
[Round "-"]
[White "guerreiro_de_Deus"]
[Black "dulen"]
[Result "0-1"]
[WhiteElo "1271"]
[BlackElo "1170"]

1. e4 e5 2. c3 Nf6 3. g3 Nxe4 4. Qe2 d5 5. Bg2 Nc6 6. Bxe4 dxe4 7. Qxe4 g6 8.
Nf3 Bf5 9. Qe2 Bd3 10. Qd1 Qd5 11. b3 Qe4+ 0-1

[Event "AUTO-OPEN-366"]
[Site "http://www.queenalice.com/game.php?id=98740"]
[Date "2006.8.23"]
[Round "1"]
[White "blackking"]
[Black "guerreiro_de_Deus"]
[Result "1-0"]
[WhiteElo "1605"]
[BlackElo "1171"]

1. e4 e5 2. Nf3 d6 3. d4 c6 4. dxe5 dxe5 5. Qxd8+ Kxd8 6. Nxe5 Bd6 7. Nxf7+ Kd7
8. Nxh8 Nf6 9. Bd3 c5 10. O-O Ng4 11. h3 Ne5 12. Bb5+ Kc7 13. Nc3 a6 14. Nd5+
Kd8 15. Bg5+ 1-0

[Event "AUTO-OPEN-366"]
[Site "http://www.queenalice.com/game.php?id=98741"]
[Date "2006.8.23"]
[Round "1"]
[White "guerreiro_de_Deus"]
[Black "blackking"]
[Result "0-1"]
[WhiteElo "1171"]
[BlackElo "1661"]

1. e4 c5 2. Bc4 d6 3. b3 Nf6 4. d3 e6 5. Bg5 Be7 6. Qf3 Nc6 7. c3 O-O 8. Ne2 Ne5
9. Qh3 Nxc4 10. bxc4 e5 11. Qe3 Ng4 12. Bxe7 Qxe7 13. Qg3 f5 14. f3 Ne3 15. Na3
a6 0-1

[Event "AUTO-OPEN-366"]
[Site "http://www.queenalice.com/game.php?id=98770"]
[Date "2006.8.23"]
[Round "1"]
[White "guerreiro_de_Deus"]
[Black "Malcomx"]
[Result "0-1"]
[WhiteElo "1250"]
[BlackElo "1775"]

1. e4 c5 2. d4 cxd4 3. Qxd4 Nc6 4. Qe3 d6 5. Bb5 Nf6 6. e5 dxe5 7. Qxe5 Bd7 8.
Bg5 Nxe5 9. Bxf6 exf6 10. Bxd7+ Qxd7 0-1

[Event "Challenge"]
[Site "http://www.queenalice.com/game.php?id=98958"]
[Date "2006.8.24"]
[Round "-"]
[White "guerreiro_de_Deus"]
[Black "dulen"]
[Result "0-1"]
[WhiteElo "1279"]
[BlackElo "1186"]

1. e4 e5 2. d4 f6 3. Be3 Bb4+ 4. c3 Nc6 5. d5 Nd4 6. Bxd4 exd4 7. cxb4 Ne7 8.
Qxd4 O-O 9. Bc4 c6 10. d6+ Nd5 11. exd5 Rf7 12. dxc6 Qe8+ 13. Ne2 Kf8 14. Bxf7
Kxf7 15. c7 a5 16. b5 Qe6 17. Nc3 Kf8 18. O-O Kg8 19. Nf4 Qe2 20. Ncxe2 g5 21.
Qd5+ Kg7 22. Nh5+ Kg6 23. Qf3 a4 0-1

[Event "Challenge"]
[Site "http://www.queenalice.com/game.php?id=98963"]
[Date "2006.8.24"]
[Round "-"]
[White "guerreiro_de_Deus"]
[Black "Artem"]
[Result "0-1"]
[WhiteElo "1265"]
[BlackElo "1668"]

1. e4 e5 2. c3 Nc6 3. Bb5 Nf6 4. f3 a6 5. Bxc6 dxc6 6. d3 Bc5 7. Ne2 Be6 8. d4
exd4 9. cxd4 Bb4+ 10. Bd2 Qe7 11. Bxb4 Qxb4+ 12. Qd2 Qb6 13. b3 O-O-O 14. e5 Nd5
15. O-O Bf5 16. Nbc3 f6 17. exf6 Nxf6 18. Na4 Qa7 19. Rac1 Bd7 20. Nf4 c5 21.
Nxc5 Bb5 22. Rfe1 Qxc5 0-1

[Event "Challenge"]
[Site "http://www.queenalice.com/game.php?id=99187"]
[Date "2006.8.24"]
[Round "-"]
[White "guerreiro_de_Deus"]
[Black "zerocool0"]
[Result "0-1"]
[WhiteElo "1250"]
[BlackElo "1374"]

1. e4 e5 2. c3 Nf6 3. d3 d6 4. Nf3 c5 5. Bg5 h6 6. Bxf6 gxf6 7. d4 cxd4 8. cxd4
Qa5+ 9. Nc3 Nc6 10. a3 exd4 11. Nxd4 Nxd4 12. Qxd4 Qe5 13. Qa4+ Bd7 14. Bb5
O-O-O 15. Qxa7 Bxb5 16. Rc1 Bc6 17. O-O Kd7 18. Rfd1 h5 19. f3 Bh6 20. Rc2 Ra8
21. Qd4 Qxd4+ 22. Rxd4 Be3+ 23. Kh1 Bxd4 24. Ne2 Ba4 25. Rc4 Bxb2 26. Nd4 Rac8
27. Rxc8 Rxc8 28. h4 Bxd4 0-1

[Event "AUTO-INT-147"]
[Site "http://www.queenalice.com/game.php?id=99216"]
[Date "2006.8.24"]
[Round "1"]
[White "johntelker"]
[Black "guerreiro_de_Deus"]
[Result "1-0"]
[WhiteElo "1594"]
[BlackElo "1239"]

1. c4 e5 2. e3 d6 3. Nc3 Be6 4. b3 d5 5. cxd5 Bxd5 6. Nf3 e4 7. Nd4 Bb4 8. Bb2
Bxc3 9. Bxc3 f6 10. Qh5+ g6 11. Qg4 Qd7 12. Qh4 c6 13. g3 g5 14. Qh5+ Bf7 15.
Qh3 Qxh3 16. Bxh3 Nh6 17. Nf5 Nxf5 18. Bxf5 h5 19. Bxe4 Rh6 20. O-O Nd7 21. d4
O-O-O 22. Rfd1 Re8 23. Bg2 h4 24. g4 Re4 25. Bxe4 Be6 26. h3 Nb6 27. f4 Bxg4 28.
hxg4 h3 29. Rd2 Rh4 30. Bf5+ Kb8 31. fxg5 fxg5 32. e4 Nc8 33. e5 Ne7 34. Rd3 Nd5
35. Bd2 h2+ 36. Kh1 Kc7 37. Bxg5 Rh8 38. Bd2 Ne7 39. Rf1 b6 40. Rff3 Ng8 41. Rh3
1-0

[Event "AUTO-INT-147"]
[Site "http://www.queenalice.com/game.php?id=99217"]
[Date "2006.8.24"]
[Round "1"]
[White "guerreiro_de_Deus"]
[Black "johntelker"]
[Result "1-0"]
[WhiteElo "1249"]
[BlackElo "1623"]

1. e4 c5 2. c3 Nf6 3. Nf3 Nxe4 4. Be2 d6 5. Qa4+ Bd7 6. Qxe4 Bc6 7. Bb5 e6 8.
Bxc6+ Nxc6 9. O-O Be7 10. d3 Bf6 11. h4 d5 12. Qa4 Bxh4 13. Nxh4 1-0